000 00570pab a2200193 454500
008 180718b2014 xxu||||| |||| 00| 0 eng d
100 _aArestis, Philip
245 _aIdentity economics meets financialisaiton: Gender, race and occupational stratification in the US labour market
260 _c2014
300 _ap.1471-1491.
362 _aNov
650 _aLabour market - United states
650 _aLabour market
700 _aFontana, Giuseppe
700 _aCharles, Aurelic
773 _aCambridge Journal of Economics
908 _aN
909 _a106822
999 _c106817
_d106817